[Event "Madrid-chT 2021"]
[Site "Madrid"]
[Date "2021.06.05"]
[Round "14.3"]
[White "Garcia Luengo, Leandro"]
[Black "Rabadan Velasco, Raul"]
[Result "0-1"]
[WhiteElo "2297"]
[BlackElo "2184"]
[PlyCount "122"]
[EventDate "2021.01.24"]
[EventType "team-tourn"]
[EventRounds "14"]
[EventCountry "ESP"]
[SourceTitle "Ajedrez en Madrid"]
[Source "lmi"]
[SourceDate "2021.01.23"]
[SourceVersion "1"]
[SourceVersionDate "2021.06.08"]
[SourceQuality "1"]
[WhiteTeam "Villalba 64"]
[BlackTeam "Virgen de Atocha"]
[WhiteTeamCountry "ESP"]
[BlackTeamCountry "ESP"]

1. e4 d6 2. d4 g6 3. Nc3 Bg7 4. Nf3 a6 5. Bf4 b5 6. Bd3 Nd7 7. Qd2 c5 8. d5 c4
9. Be2 Ngf6 10. Nd4 b4 11. Nd1 Qb6 12. f3 Nxd5 13. exd5 Qxd4 14. Qxd4 Bxd4 15.
Bxc4 Nb6 16. Be3 Bc5 17. Bxc5 dxc5 18. Ne3 Bb7 19. O-O-O Rd8 20. Bb3 O-O 21.
Rhe1 Rd7 22. Rd2 Rc8 23. Bc4 Rcd8 24. Bb3 a5 25. Nc4 Nxc4 26. Bxc4 Kg7 27. Red1
Kf6 28. Bb5 Rxd5 29. Bc4 Rxd2 30. Rxd2 Rxd2 31. Kxd2 e6 32. a3 Ke5 33. Ke3 Bd5
34. Bb5 Kd6 35. c3 e5 36. h4 f5 37. g3 bxa3 38. bxa3 Ke7 39. Bd3 Kf6 40. Be2 h6
41. Bb5 g5 42. hxg5+ hxg5 43. Bd3 f4+ 44. Kf2 Be6 45. Be4 Ke7 46. Bd3 Kd6 47.
Bc2 Bc4 48. Be4 Bb3 49. g4 Kc7 50. Ke1 Kb6 51. Bd3 c4 52. Bf5 Ba4 53. Ke2 Bc6
54. Bc2 Kc5 55. Kf2 Kb5 56. Ke2 Bd7 57. Kd2 e4 58. Bxe4 Ka4 59. Kc2 Kxa3 60.
Bd5 Ba4+ 61. Kd2 Kb3 0-1

[Event "Madrid-chT 2021"]
[Site "Madrid"]
[Date "2021.06.05"]
[Round "14.4"]
[White "Vazquez Torres, Adrian"]
[Black "Yashas, Devappa"]
[Result "0-1"]
[WhiteElo "2191"]
[BlackElo "2308"]
[PlyCount "112"]
[EventDate "2021.01.24"]
[EventType "team-tourn"]
[EventRounds "14"]
[EventCountry "ESP"]
[SourceTitle "Ajedrez en Madrid"]
[Source "lmi"]
[SourceDate "2021.01.23"]
[SourceVersion "1"]
[SourceVersionDate "2021.06.08"]
[SourceQuality "1"]
[WhiteTeam "Virgen de Atocha"]
[BlackTeam "Villalba 64"]
[WhiteTeamCountry "ESP"]
[BlackTeamCountry "ESP"]

1. e4 d5 2. exd5 Nf6 3. Nc3 Nxd5 4. d4 Nc6 5. Bb5 e6 6. Nge2 Be7 7. O-O O-O 8.
Nxd5 exd5 9. c3 Bd6 10. Bf4 Bg4 11. f3 Bf5 12. Bxd6 Qxd6 13. Ng3 Bd7 14. Bd3
Qf4 15. Qc1 Qf6 16. Nh5 Qh4 17. Nf4 Ne7 18. Re1 g6 19. g3 Qf6 20. Re5 c6 21.
Qe3 Rfe8 22. g4 Kf8 23. c4 dxc4 24. Bxc4 Nc8 25. Re1 Nb6 26. Bb3 Rad8 27. a4
Na8 28. Nd3 Nc7 29. Nc5 Bc8 30. Qc3 Qd6 31. Rxe8+ Rxe8 32. Rxe8+ Nxe8 33. Ne4
Qf4 34. d5 cxd5 35. Bxd5 Qc7 36. Qb4+ Kg8 37. Kg2 h6 38. Qd2 Qe5 39. f4 Qe7 40.
g5 Bf5 41. Ng3 Be6 42. Bf3 hxg5 43. fxg5 b6 44. Ne4 Bf5 45. Nc3 Nc7 46. h4 Qe5
47. Qd8+ Kg7 48. Qb8 Qf4 49. Ne2 Bh3+ 50. Kf2 Qxh4+ 51. Ng3 Qd4+ 52. Ke1 Qg1+
53. Ke2 Qxg3 54. Qxa7 Ne6 55. Qxb6 Nf4+ 56. Ke3 Qg1+ 0-1

[Event "Madrid-chT 2021"]
[Site "Madrid"]
[Date "2021.06.05"]
[Round "14.5"]
[White "Lopez del Alamo, Antonio"]
[Black "Martinez Conde Hernandez, Carlos"]
[Result "0-1"]
[WhiteElo "2264"]
[BlackElo "2138"]
[PlyCount "104"]
[EventDate "2021.01.24"]
[EventType "team-tourn"]
[EventRounds "14"]
[EventCountry "ESP"]
[SourceTitle "Ajedrez en Madrid"]
[Source "lmi"]
[SourceDate "2021.01.23"]
[SourceVersion "1"]
[SourceVersionDate "2021.06.08"]
[SourceQuality "1"]
[WhiteTeam "Villalba 64"]
[BlackTeam "Virgen de Atocha"]
[WhiteTeamCountry "ESP"]
[BlackTeamCountry "ESP"]

1. e4 c5 2. Nf3 e6 3. d3 Nc6 4. g3 Be7 5. Bg2 d6 6. O-O Bd7 7. c3 Nf6 8. Re1
Rc8 9. a3 O-O 10. d4 cxd4 11. cxd4 d5 12. Nc3 dxe4 13. Nxe4 Qb6 14. Nc3 Na5 15.
Ne5 Rfd8 16. d5 Be8 17. b4 Rxc3 18. bxa5 Qc7 19. Bd2 Rc2 20. Nc6 Rxc6 21. dxc6
Bxc6 22. Qc2 Nd5 23. a6 Qb6 24. axb7 Qxb7 25. Rab1 Qd7 26. Bb4 Bf6 27. Rbc1 Ba8
28. Red1 Qb7 29. Bxd5 exd5 30. Qc7 d4 31. Qxb7 Bxb7 32. Rc7 Bf3 33. Rdc1 Bg4
34. Kg2 d3 35. f3 Be6 36. Rxa7 h5 37. Bd2 Rb8 38. Kf1 h4 39. g4 h3 40. Ra4 Rb2
41. Rd1 Bb3 42. Ra8+ Kh7 43. Bc1 Bxd1 44. Bxb2 Bxb2 45. Rd8 Bc2 46. a4 Bc3 47.
Kf2 d2 48. Ke2 Bxa4 49. f4 Ba5 50. Rd5 d1=Q+ 51. Rxd1 Bxd1+ 52. Kxd1 Bc7 0-1

[Event "Madrid-chT 2021"]
[Site "Madrid"]
[Date "2021.06.05"]
[Round "14.6"]
[White "Municio Zuñiga, Jose"]
[Black "Sanchez Gonzalez, Sergio"]
[Result "0-1"]
[WhiteElo "1604"]
[BlackElo "2294"]
[PlyCount "66"]
[EventDate "2021.01.24"]
[EventType "team-tourn"]
[EventRounds "14"]
[EventCountry "ESP"]
[SourceTitle "Ajedrez en Madrid"]
[Source "lmi"]
[SourceDate "2021.01.23"]
[SourceVersion "1"]
[SourceVersionDate "2021.06.08"]
[SourceQuality "1"]
[WhiteTeam "Virgen de Atocha"]
[BlackTeam "Villalba 64"]
[WhiteTeamCountry "ESP"]
[BlackTeamCountry "ESP"]

1. d4 Nf6 2. Nf3 e6 3. c4 d5 4. e3 a6 5. Nbd2 Be7 6. b3 O-O 7. Bb2 dxc4 8. Nxc4
b5 9. Nce5 Bb7 10. Bd3 Bb4+ 11. Kf1 Bd6 12. Qc2 Qe7 13. Rg1 g6 14. g4 Nd5 15.
e4 Nb4 16. Qe2 f6 17. a3 fxe5 18. axb4 exd4 19. Bxd4 e5 20. Be3 Nc6 21. h4 Nxb4
22. Bb1 Nc6 23. h5 Qf6 24. Nd2 Nd4 25. Qd1 g5 26. Rg3 Rad8 27. Bxd4 exd4 28.
Rf3 Qe5 29. Rf5 Rxf5 30. gxf5 Qh2 31. Qg4 Bf4 32. Nf3 Qh1+ 33. Qg1 Qxf3 0-1